Miasta w woj. opolskim - nagła śmierć - Statystyki

Ogólne statystyki
  • Ten quiz został rozwiązany 79 razy
  • Średni wynik to 12 z 20
Answers on the Grid
Answers color-coded by a green-red scale on the quiz's grid according to % correct below.
Opole
Kędzierzyn-Koźle
Nysa
Paczków
Otmuchów
Brzeg
Namysłów
Kluczbork
Olesno
Strzelce Opolskie
Prudnik
Prószków
Głubczyce
Głuchołazy
Lewin Brzeski
Krapkowice
Ozimek
Głogówek
Niemodlin
Grodków
Oława
Bierutów
Wieruszów
Racibórz
Kłobuck
Ząbkowice Śląskie
Bytom Odrzański
Brzeg Dolny
Wieluń
Lubliniec
Strzelin
Kępno
 
Statystyki odpowiedzi
Odpowiedź % Poprawnych
Opole
78%
Kędzierzyn-Koźle
75%
Nysa
75%
Strzelce Opolskie
73%
Brzeg
70%
Kluczbork
65%
Krapkowice
63%
Głuchołazy
60%
Prudnik
60%
Głubczyce
58%
Namysłów
55%
Paczków
55%
Niemodlin
53%
Grodków
50%
Ozimek
50%
Prószków
50%
Głogówek
48%
Lewin Brzeski
48%
Olesno
48%
Otmuchów
48%
Nie znaleziono quizów pasujących do podanych kryteriów
Rozkład punktacji
Procent ludzi z każdym wynikiem
Percentyl według liczby udzielonych odpowiedzi
Twoja historia wyników
Nie rozwiązałeś tego quizu